000 00200nam a22000977a 4500
999 _c65094
_d65091
082 _a297.16
100 _aThomas W. Arnold
245 _aThe spread of islam in the world
300 _a467p
942 _cBK